The Commonwealth Journey : (Record no. 68922)

MARC details
000 -LEADER
fixed length control field 00551nam a22001697a 4500
005 - DATE AND TIME OF LATEST TRANSACTION
control field 20120807101659.0
020 ## - INTERNATIONAL STANDARD BOOK NUMBER
International Standard Book Number 8183280838
Terms of availability 995.00
037 ## - SOURCE OF ACQUISITION
Stock number dpl
Source of stock number/acquisition BPPD
100 ## - MAIN ENTRY--PERSONAL NAME
Personal name Narang, Gagan
245 ## - TITLE STATEMENT
Title The Commonwealth Journey :
Remainder of title from Melbourne to New Delhi /
Statement of responsibility, etc by Gagan Narang and Sunil Yas Kalra
260 ## - PUBLICATION, DISTRIBUTION, ETC. (IMPRINT)
Place of publication, distribution, etc New Delhi
Name of publisher, distributor, etc Wisdom Tree
Date of publication, distribution, etc 2007
270 ## - ADDRESS
Address 4779/23, Ansari Road, Darya Ganj
City New Delhi
Postal code 110002
300 ## - PHYSICAL DESCRIPTION
Extent 111p.
Other physical details col.ill
Dimensions 27cm(pbk)
700 ## - ADDED ENTRY--PERSONAL NAME
Personal name Kalra Sunil Yash
9 (RLIN) 50826
942 ## - ADDED ENTRY ELEMENTS (KOHA)
Source of classification or shelving scheme Dewey Decimal Classification
Item type English Books
Call number suffix NAR

No items available.


© Delhi Public Library
Hit Counter
free hit counter